Informe: Comisión Nacional de la Familia

Gespeichert in:
Bibliographische Detailangaben
Körperschaft: Servicio Nacional de la Mujer (VerfasserIn)
Format: Buch
Sprache:Spanisch
Veröffentlicht: Santiago SERNAM 1992
Schlagworte:
Tags: Tag hinzufügen
Keine Tags, Fügen Sie den ersten Tag hinzu!

MARC

LEADER 00000nam a2200000 a 4500
001 UCY0168
003 CL-VaPUC
008 940714e19920000CL |||||||||||||||||spa|d
082 0 4 |a 306.85  |b SER  |2 21 
110 2 |a Servicio Nacional de la Mujer  |e author  |9 327794 
245 1 0 |a Informe: Comisión Nacional de la Familia 
300 |a 60 p 
942 |c BK 
945 |d 19940714 00:00:00  |a rbrito 
260 |a Santiago  |b SERNAM  |c 1992 
650 0 |a Familias   |9 255641 
650 0 |a Derecho de familia  |9 255603 
651 7 |a CHILE  |2 CL-VaPUC  |9 327795 
583 |a last modification  |c 20180227 01:59:15  |k Rodrigo Vera 
999 |c 229244  |d 229242 
952 |0 0  |1 0  |4 0  |6 306_850000000000000_SER_1992  |7 0  |8 A  |9 230115  |a BIBGIM  |b BIBGIM  |d 2019-11-15  |i 3043959  |o 306.85 SER 1992  |p 3043959  |r 2025-01-15  |w 2019-11-15  |y BK  |k SSL